000 00691nam a2200241 i 4500
001 C2-0303510
003 PPAK
005 20180728084421.0
008 100325s2009 my a|||| ||||| | may d
020 _a9789676122841
040 _aPPAK
_beng
_cPPAK
_erda
082 0 4 _a746.44028
_223
090 0 0 _a746.44028
_bZAL
_dR
100 0 _aZaliha Ariffin,
_eauthor
245 1 0 _aJahitan sulaman mesin
264 1 _aKuala Lumpur :
_bUtusan Publications ,
_c2009
300 _avi, 119 pages :
_bcolour illustrations ;
_c30 cm
336 _2rdacontent
_atext
337 _2rdamedia
_aunmediated
338 _2rdacarrier
_avolume
650 1 0 _aEmbroidery, Machine - Patterns.
942 _ddc
_cB
999 _c106754
_d106754